| 000 | 03187cgm a2200733Mi 4500 | ||
|---|---|---|---|
| 001 | ocn966595331 | ||
| 003 | OCoLC | ||
| 005 | 20181024083642.0 | ||
| 007 | vd cvaizq | ||
| 008 | 050527p19912005cau105 g vleng d | ||
| 040 |
_aB@L _beng _cB@L _dOCLCO _erda _dOCLCF _dOCLCQ _dOCLCO _dOCL _dRB0 _dOCLCA _dUINTA |
||
| 020 | _a0788858688 | ||
| 020 | _a9780788858680 | ||
| 024 | 1 | _a786936278798 | |
| 028 | 4 | 2 |
_a39735 _bTouchstone Home Video |
| 035 | _a(OCoLC)966595331 | ||
| 041 | 1 |
_aeng _afre _heng _geng |
|
| 043 | _an-us--- | ||
| 050 | 1 | 4 |
_aPN1995.9.C55 _bF38447 2005 |
| 082 | 0 | 4 |
_a791.43/72 _222 |
| 049 | _aUCLB | ||
| 245 | 0 | 0 |
_aFather of the bride / _cTouchstone Pictures presents in association with Touchwood Pacific Partners I ; screenplay by Frances Goodrich & Albert Hackett and Nancy Meyers & Charles Shyer ; produced by Nancy Meyers and Carol Baum & Howard Rosenman ; directed by Charles Shyer. |
| 250 | _aWidescreen 15th anniversary special edition. | ||
| 264 | 1 |
_aBurbank, Calif. : _bTouchstone Home Video, _c[2005] |
|
| 264 | 4 | _c�2005. | |
| 300 |
_a1 videodisc (105 min.) : _bsound, color ; _c4 3/4 in. |
||
| 336 | _atwo-dimensional moving image | ||
| 337 | _avideo | ||
| 338 | _avideodisc | ||
| 344 |
_adigital _boptical _gsurround sound _hDolby Digital 5.1 _2rda |
||
| 346 |
_alaser optical _bNTSC |
||
| 347 |
_avideo file _bDVD video _eregion 1 _2rda |
||
| 500 | _aOriginally produced as a motion picture in 1991. | ||
| 508 | _aDirector of photography, John Lindley ; film editor, Richard Marks ; music by Alan Silvestri. | ||
| 511 | 1 | _aSteve Martin, Diane Keaton, Kimberly Williams, Martin Short. | |
| 520 | _aA father deals with his only daughter's lavish wedding. New bonus features include a look behind the scenes and an interview with Steve Martin and Martin Short. | ||
| 521 | 8 | _aMPAA rating: PG. | |
| 521 | 8 | _aClosed-captioned. | |
| 538 | _aDVD, region 1, widescreen (1.85:1) presentation; Dolby 5.1 surround. | ||
| 546 | _aIncludes French dubbed version; closed-captioned. | ||
| 650 | 0 |
_aFathers and daughters _zUnited States _vDrama. |
|
| 650 | 0 |
_aWeddings _zUnited States _vDrama. |
|
| 650 | 7 |
_aFathers and daughters. _2fast _0(OCoLC)fst00921890 |
|
| 650 | 7 |
_aWeddings. _2fast _0(OCoLC)fst01173328 |
|
| 651 | 7 |
_aUnited States. _2fast _0(OCoLC)fst01204155 |
|
| 655 | 7 |
_aComedy films. _2fast _0(OCoLC)fst01710291 |
|
| 655 | 7 |
_aDrama. _2fast _0(OCoLC)fst01423879 |
|
| 655 | 7 |
_aFeature films. _2fast _0(OCoLC)fst01710384 |
|
| 655 | 7 |
_aComedy films. _2gsafd |
|
| 655 | 7 |
_aFeature films. _2lcgft |
|
| 655 | 7 |
_aComedy films. _2lcgft |
|
| 700 | 1 |
_aMartin, Steve, _d1945- _eactor. |
|
| 700 | 1 |
_aKeaton, Diane. _eactor. |
|
| 700 | 1 |
_aWilliams-Paisley, Kimberly, _d1971- _eactor. |
|
| 700 | 1 |
_aShort, Martin, _d1950- _eactor. |
|
| 700 | 1 |
_aShyer, Charles. _escreenwriter, _efilm director. |
|
| 700 | 1 |
_aGoodrich, Frances, _escreenwriter. |
|
| 700 | 1 |
_aHackett, Albert. _escreenwriter. |
|
| 700 | 1 |
_aMeyers, Nancy. _escreenwriter, _efilm producer. |
|
| 700 | 1 |
_aSilvestri, Alan, _ecomposer. |
|
| 710 | 2 | _aTouchstone Pictures. | |
| 710 | 2 | _aTouchwood Pacific Partners I. | |
| 994 |
_aC0 _bUINTA |
||
| 999 |
_c237976 _d237976 |
||